Acadia National Park Mountains Quiz Stats

 Plays Quiz not verified by Sporcle

Also try: 6-Letter Countries
Challenge
Share
Tweet
Embed
Score 0/28 Timer 07:00
0 Plays Today
Height Mountain % Correct
1,530 ftCadillac
93%
681 ftAcadia
62.8%
520 ftThe Beehive
60.5%
766 ftSouth Bubble
60.5%
1,270 ftDorr
60.5%
872 ftNorth Bubble
58.1%
1,058 ftChamplain
58.1%
1,248 ftPemetic
53.5%
1,194 ftPenobscot
46.5%
525 ftGorham
44.2%
1,373 ftSargent
44.2%
941 ftParkman
39.5%
284 ftFlying
37.2%
580 ftDay
37.2%
Height Mountain % Correct
679 ftSt. Sauveur
37.2%
839 ftBeech
37.2%
852 ftNorumbega
37.2%
974 ftBald
37.2%
942 ftCedar Swamp
32.6%
1,071 ftBernard
32.6%
696 ftThe Triad
30.2%
949 ftMansell
30.2%
1,036 ftGilmore
27.9%
724 ft McFarland
23.3%
731 ftHuguenot Head
23.3%
407 ftKebo
23.3%
680 ftYoungs
20.9%
588 ftConnors Nubble
20.9%

You're not logged in!

Compare scores with friends on all Sporcle quizzes.
OR
Log In

You Might Also Like...

Show Comments

Extras

Top Quizzes Today


Score Distribution

Your Account Isn't Verified!

In order to create a playlist on Sporcle, you need to verify the email address you used during registration. Go to your Sporcle Settings to finish the process.

Report this User

Report this user for behavior that violates our Community Guidelines.

Details: